| 000 | 00511nam a2200169 i 4500 | ||
|---|---|---|---|
| 001 | 96791 | ||
| 003 | ES-MaACL | ||
| 007 | t| | ||
| 008 | 050630s1959 sp ||||1| fre d | ||
| 100 | 1 |
_aMangold, Walter. _976017 |
|
| 245 | 1 | 0 |
_aLangue et vie françaises / _cW. Mangold y R. Verttier. |
| 260 |
_aMadrid : _bMangold, _c1959. |
||
| 300 |
_a2 v. : _bil. ; _c22 cm. |
||
| 505 | 8 | _aContiene: V. I Cours Elementaire V. II Cours superieur | |
| 700 | 1 |
_aVerttier, R. _9114217 |
|
| 852 |
_aES-MaACL _jE-4762-3 _bR.45547 |
||
| 999 |
_c96791 _d96791 |
||